| 000 | 00784nam a22003010a 4500 | ||
|---|---|---|---|
| 001 | UByD001385 | ||
| 003 | AR-LpoUNG | ||
| 005 | 20230422101336.0 | ||
| 008 | 230420s2021||||ag |||||||||||||||||spa d | ||
| 020 | _a9789878808314 | ||
| 040 |
_aAR-LpoUNG _bspa _cAR-LpoUNG _eaacr |
||
| 041 | _aspa | ||
| 044 | _aag | ||
| 082 | 0 | _a808.068 3 286niñ | |
| 100 | 1 | _aDe Benedetti, Catriel | |
| 245 | 1 | 3 | _aEl niño del ombú |
| 250 | _a1ra. ed. il. | ||
| 260 |
_aMalvinas Argentinas : _bCatriel De Benedetti, _c2022. |
||
| 300 |
_a80 p. : _bil. |
||
| 505 | 0 | _aSugerido a partir de 10 años (etiqueta VIOLETA) | |
| 650 | 4 | _aLITERATURA | |
| 650 | 4 | _aARGENTINA | |
| 650 | 4 | _aCUENTOS | |
| 650 | 4 | _aLEYENDA | |
| 653 | _aLITERATURA INFANTIL | ||
| 905 | _a53556 | ||
| 942 |
_cLIB _2ddc |
||
| 999 |
_c63942 _d63942 |
||